| 000 | 00481nam a2200169Ia 4500 | ||
|---|---|---|---|
| 008 | 180207s9999 xx 000 0 und d | ||
| 020 | _a9781858304618 | ||
| 050 | _bS977 1996 | ||
| 100 | _aSwift, Christine. | ||
| 245 | _aMy fun-to-learn telephone / | ||
| 245 | _cChristine Swift ; illustrated by David Crossley ; designed by Louise Ivimy. | ||
| 260 | _aLondon : | ||
| 260 | _bGrandreams Limited, | ||
| 260 | _c1996 | ||
| 300 | _aunpaged : | ||
| 300 | _bcolor illustration ; | ||
| 999 |
_c355085 _d355085 |
||